000 00735nam a2200265Ia 4500
003 IT-RoPAU
008 120407s9999 xx 000 0 und d
040 _aIT-RoPAU
040 _cIT-RoPAU
041 _aita
100 _aManfred Lurker
245 _aDizionario delle immagini e dei simboli biblici.
250 _aCinisello Balsamo
260 _aEdizioni Paoline
260 _c1990
300 _a257 p.
300 _c21,5 cm
490 _aI Dizionari
490 _v112
600 _a"1. Immagini, Bibbia. 2. Simbologia biblica. ISBN 88-215-2018-8 CDU 035 23/12. 000275"
700 _aGianfranco Ravasi
700 _ca cura di
942 _cBK
999 _c30663
_d30663